| 000 | 00400cam a22001217a 4500 | ||
|---|---|---|---|
| 008 | 180718b1962 xxu||||| |||| 00| 0 eng d | ||
| 082 | _aQ87x73 Un3p | ||
| 100 | _aMyren, Richard A. | ||
| 245 |
_aPolice work with children: perspectives And principles _cby Richard A. Myren And Lynn D. Swanson |
||
| 260 |
_aWashington _bGovernment Pinting Office _c1962 |
||
| 300 | _aix,106p. | ||
| 700 | _aSwanson, Lynn D | ||
| 999 |
_c495807 _d495807 |
||